| 000 | 00524nam a2200193 a 4500 | ||
|---|---|---|---|
| 001 | 1772883570947 | ||
| 003 | YourLibrary | ||
| 005 | 20260307171105.0 | ||
| 008 | 260307s1989##################000#0#eng## | ||
| 020 | _a9780521343411 | ||
| 082 | 0 | 4 |
_a327.101 _bSUG |
| 100 | 1 |
_aSuganami, Hidemi, _eauthor. |
|
| 245 | 1 | 0 | _aThe Domestic Analogy and World Order Proposals : |
| 260 |
_bCambridge University Press, _c1989. |
||
| 300 | _a248 pages | ||
| 650 | 0 | _aLaw. | |
| 942 | _cENGLISH | ||
| 040 |
_aYourLibrary _beng _cYourLibrary |
||
| 999 |
_c617140 _d617140 |
||